Najpopularniejsze organizacje mafijne - Statystyki

Ogólne statystyki
  • Ten quiz został rozwiązany 27 razy
  • Średni wynik to 5 z 13
Statystyki odpowiedzi
Hint Odpowiedź % Poprawnych
japońska mafia Yakuza
79%
Kartel z ... - kierowany przez Escobara i dominujący w latach 80. Medellin
67%
mafia z Sycylii Cosa nostra
63%
chińska mafia, ogólnie Triada
46%
salwadorski gang, znany z działania w LA Mara Salvatrucha
38%
Kartel z ... - inny kartel z Kolumbii, nieco bardziej dyskretny Cali
33%
Kartel .... - kierowany przez El Chapo, jeden z potężniejszych Sinaloa
33%
mafia z Kalabrii Ndrangheta
29%
rosyjska mafia, ogólne określenie Bratva
25%
mafia z Kampanii Camorra
25%
los .... - meksykański gang, powstały z najemników Zetas
25%
pochodząca z Kanady organizacja motocyklowa, kojarzona z przestępstwami Hells Angels
21%
Kartel ... Nowe Pokolenie - meksykański kartel znany z brutalności i walk z armią Jalisco
13%
Nie znaleziono quizów pasujących do podanych kryteriów
Rozkład punktacji
Procent ludzi z każdym wynikiem
Percentyl według liczby udzielonych odpowiedzi
Twoja historia wyników
Nie rozwiązałeś tego quizu